000 01312nam a2200349 i 4500
003 DO-SdBNP
005 20240305134619.0
006 a||||gr|||| 00| 0
007 ta
008 231005e2017 gt ac||| |||| 00| e spa d
040 _aDO-SdBNP
_bspa
_cBNPHU
_erda
082 4 _aG864.44
_bC314c
_222
100 1 _aCarrera, Mario Alberto,
_d1945-
_984401
245 1 0 _a¿Cómo era Miguel Ángel Asturias?
_cMario Alberto Carrera; diseño de portada, Martín Díaz Valdés; edición al cuidado de Vania Vargas y Miguel Ángel Guzmán
264 4 _aGuatemala :
_bCultura,
_c2017
300 _a76 páginas :
_bIlustraciones, retratos ;
_c21 cm.
336 _2rdaconten
_atexto
_btxt
337 _2rdamedia
_asin mediación
_bn
338 _2rdacarrier
_avolumen
_bnc
490 1 _aEnsayo.
490 1 _aLuis Cardoza y Aragón ;
_v63
590 _aInventariado 2023 / MF
600 4 _aAsturias, Miguel Ángel,
_d1899-1974
_95391
_xCrítica e Interpretación
650 4 _aEnsayos guatemaltecos
_921180
650 4 _aLiteratura guatemalteca
_95393
700 1 _aDíaz Valdez, Martín,
_984402
700 1 _aVargas, Vania
_984362
_eeditor
700 1 _aGuzmán, Miguel Ángel
_984363
_eeditor
830 0 _aEnsayo
_pLuis Cardoza y Aragón ;
_n63
_984439
910 _aValidado. Control de calidad MFF
942 _2ddc
_cLBS1
999 _c55093
_d55093